000
00317nam a2200121Ia 4500
008
190723s9999 xx 000 0 und d
020
_a
978-0-86037-561-6
100
_a
Adil Salahi
245
0
_a
Muhammad His Character and Conduct
260
_a
Lahore
_b
Islamic Foundation.com
_c
2013
300
_a
285.:P
942
_c
BK
999
_c
1394
_d
1394